| 000 | 00700cam a2200157 4500 | ||
|---|---|---|---|
| 001 | WS120457 | ||
| 008 | 021114n 000 0 eng u | ||
| 035 | _a(Sirsi) u120457 | ||
| 245 | _aHousing Energy Efficiency Best Practice Programme | ||
| 520 | _aWeb site for this energy efficiency programme which aims to introduce energy efficiency measures in the home to the highest standards. Includes details of events, publications and standards. | ||
| 650 | _aHOUSING | ||
| 650 | _aSTANDARDS | ||
| 690 | _aENVIRONMENTAL AND LAND CONSULTANCY-ENERGY-ENERGY USE-ENERGY EFFICIENCY | ||
| 856 | 4 | 0 |
_uhttps://www.housingenergy.org.uk _zView the website free of charge at www.housingenergy.org.uk... |
| 942 | _n0 | ||
| 999 |
_c120218 _d120218 |
||